Ishtirākīyatuhum wa-Islāmunā / (Record no. 48949)

MARC details
000 -LEADER
fixed length control field 00649cam a22002291a 4500
001 - CONTROL NUMBER
control field ne 66001071
003 - CONTROL NUMBER IDENTIFIER
control field DLC
005 - DATE AND TIME OF LATEST TRANSACTION
control field 20260227111824.0
008 - FIXED-LENGTH DATA ELEMENTS--GENERAL INFORMATION
fixed length control field 851212s1966 le 000 0 ara c
010 ## - LIBRARY OF CONGRESS CONTROL NUMBER
LC control number ne 66001071
035 ## - SYSTEM CONTROL NUMBER
System control number (OCoLC)12898536
040 ## - CATALOGING SOURCE
Original cataloging agency Princeton Univ. Libr.
Transcribing agency WaU
Modifying agency WaU
-- DLC
042 ## - AUTHENTICATION CODE
Authentication code premarc
050 00 - LIBRARY OF CONGRESS CALL NUMBER
Classification number HX550.I8
Item number A88
100 1# - MAIN ENTRY--PERSONAL NAME
Personal name ʻAwf, Bashīr.
245 10 - TITLE STATEMENT
Title Ishtirākīyatuhum wa-Islāmunā /
Statement of responsibility, etc. Bashīr al-ʻAwf.
250 ## - EDITION STATEMENT
Edition statement al-Ṭabʻah 1.
260 ## - PUBLICATION, DISTRIBUTION, ETC.
Place of publication, distribution, etc. Bayrūt :
Name of publisher, distributor, etc. Muʼassasat al-Intāj al-Ṭibāʻī,
Date of publication, distribution, etc. 1966.
300 ## - PHYSICAL DESCRIPTION
Extent 158 p. ;
Dimensions 21 cm.
650 #0 - SUBJECT ADDED ENTRY--TOPICAL TERM
Topical term or geographic name entry element Socialism.
650 #0 - SUBJECT ADDED ENTRY--TOPICAL TERM
Topical term or geographic name entry element Socialism and Islam.

No items available.

Powered by Koha